[Event "Relampago R-029 corr"]
[Site "CXV corr"]
[Date "2001.04.06"]
[Round "?"]
[White "Lingenover, Wagner Charles"]
[Black "Murtinho de Moraes, Bruno"]
[Result "0-1"]
[WhiteElo "1385"]
[BlackElo "1295"]
[PlyCount "44"]
[EventDate "2001.??.??"]
[EventType "tourn (corr)"]
[EventRounds "12"]
[EventCountry "BRA"]
[SourceTitle "Corr 2004"]
[Source "ChessBase"]
[SourceDate "2003.04.28"]
[SourceVersion "3"]
[SourceVersionDate "2003.04.28"]
[SourceQuality "1"]

1. e4 c6 2. Bc4 d5 3. exd5 cxd5 4. Bb5+ Bd7 5. Na3 e5 6. Nf3 Bxa3 7. Bxd7+ Nxd7 8. bxa3 Rc8 9. 0-0 e4 10. Nd4 Ngf6 11. d3 0-0 12. Bg5 exd3 13. cxd3 Qb6 14. Qa4 Nc5 15. Qd1 Qa6 16. Rb1 h6 17. Bxf6 Qxf6 18. Re1 Qxd4 19. Rb5 Nxd3 20. Re2 Rc1 21. Rd2 Rxd1+ 22. Rxd1 Qxf2+ 0-1

[Event "Relampago R-028 corr"]
[Site "CXV corr"]
[Date "2001.03.14"]
[Round "?"]
[White "Lingenover, Wagner Charles"]
[Black "Neumann Neto, Joao"]
[Result "0-1"]
[WhiteElo "1500"]
[BlackElo "1713"]
[PlyCount "77"]
[EventDate "2001.??.??"]
[EventType "tourn (corr)"]
[EventRounds "6"]
[EventCountry "BRA"]
[SourceTitle "Corr 2004"]
[Source "ChessBase"]
[SourceDate "2003.04.28"]
[SourceVersion "3"]
[SourceVersionDate "2003.04.28"]
[SourceQuality "1"]

1. e4 e6 2. Nf3 d5 3. e5 c5 4. Bb5+ Nc6 5. Bxc6+ bxc6 6. 0-0 Ne7 7. Na3 Ng6 8. d3 Qc7 9. Qe1 Ba6 10. Bd2 c4 11. dxc4 Bxa3 12. bxa3 Bxc4 13. Ba5 Qd7 14. c3 0-0 15. Qe3 Bxf1 16. Rxf1 Rfc8 17. Rd1 c5 18. h4 Qb5 19. c4 Qxa5 20. cxd5 Qa4 21. Qd3 c4 22. Qd2 c3 23. Qd3 Nf4 24. Qd4 Ne2+ 25. Kf1 Nxd4 26. Rxd4 Qxd4 27. Nxd4 exd5 28. Ke2 c2 29. Nf5 Rc7 30. Nd6 c1Q 31. Nf5 Rc2+ 32. Kf3 Qxa3+ 33. Ne3 Qd3 34. e6 fxe6 35. Kf4 Rxf2+ 36. Kg4 Qxe3 37. g3 Qf3+ 38. Kh3 Rg2 39. a3 0-1